| 000 | 00448nam a2200145Ia 4500 | ||
|---|---|---|---|
| 008 | 170221s9999 xx 000 0 und d | ||
| 100 | _aJeff Haldeman | ||
| 245 | 4 | _aThe learning organization: from dysfunction to grace | |
| 245 | _cJeff Haldeman, Webster University. | ||
| 260 | _bJournal of Management and Marketing Research | ||
| 260 | _c2015 | ||
| 300 | _a5 : 1 | ||
| 650 | _xBusiness | ||
| 856 | _uhttp://www.aabri.com/manuscripts/11953.pdf | ||
| 999 |
_c313621 _d313621 |
||